| 000 | 01073nac a22003131i 4500 | ||
|---|---|---|---|
| 003 | EG-ScBUE | ||
| 005 | 20250624090409.0 | ||
| 008 | 250618t2004 gw ac f b 001 0 eng d | ||
| 020 | _a3527403493 | ||
| 020 | _a9783527403493 | ||
| 040 |
_aEG-ScBUE _beng _erda _cEG-ScBUE _dEG-ScBUE |
||
| 082 | 0 | 4 |
_a537.623 _bBUC _222 |
| 100 | 1 |
_aBuckel, Werner, _eauthor. |
|
| 245 | 1 | 0 |
_aSuperconductivity : _bfundamentals and applications / _cWerner Buckel, Reinhold Kleiner. |
| 250 | _aSecond revised and enlarged edition. | ||
| 264 | 1 |
_aWeinheim : _bWiley-VCH Verlag GmbH & Co. KGaA, _c[2004] |
|
| 264 | 4 | _cc2004 | |
| 300 |
_axiv, 461 pages : _billustrations, portraits ; _c25 cm. |
||
| 336 |
_2rdacontent _atext _btxt |
||
| 337 |
_aunmediated _2rdamedia _bn |
||
| 338 |
_avolume _bnc _2rdacarrier |
||
| 490 | 0 | _aPhysics textbook | |
| 500 | _aPrevious ed.: Weinheim; New York: VCH, 1991. | ||
| 504 | _aIncludes bibliographical references and index. | ||
| 650 | 7 |
_aSuperconductivity. _2BUEsh |
|
| 655 | _vReading book | ||
| 700 | 1 |
_aKleiner, Reinhold, _eauthor. |
|
| 942 |
_cBB _2ddc |
||
| 999 |
_c1366 _d1366 |
||